| 000 | 00517nam a2200169 a 4500 | ||
|---|---|---|---|
| 005 | 20140310183134.0 | ||
| 008 | 020819s19uu xx 00 eng d | ||
| 050 |
_aHD 30.22 _b.Sa247 2001 |
||
| 100 | _aSalvatore, Dominick | ||
| 245 |
_aManagerial economics in a global economy / _cDominick Salvatore. |
||
| 260 |
_aOxford ; New York : _bOxford University Press, _c2001. |
||
| 300 |
_axxxv, 737 p. : _bill. ; _c25 cm. |
||
| 521 | _aBSBA | ||
| 650 | _aManagerial economics | ||
| 942 |
_cBK _2lcc _kFOR |
||
| 999 |
_c19246 _d19246 |
||